Normal view MARC view

Entry Nombre personal

Number of records used in: 1

001 - NÚMERO DE CONTROL

  • campo de control: 17963

003 - IDENTIFICADOR DE NÚMERO DE CONTROL

  • campo de control: SpMaBN

005 - FECHA Y HORA DE LA ÚLTIMA TRANSACCIÓN

  • campo de control: 20230602122041.0

008 - ELEMENTOS DE DATO DE LONGITUD-FIJA

  • campo de control de longitud fija: 100285nn ainnnaabn a aaa

016 ## - NÚMERO DE CONTROL DE UNA AGENCIA BIBLIOGRÁFICA NACIONAL

  • Número de control del registro: BNE19924702351

024 7# - IDENTIFICADOR DE OTROS ESTÁNDARES

  • Número estándar o código: http://viaf.org/viaf/87659802/
  • Fuente: viaf

024 7# - IDENTIFICADOR DE OTROS ESTÁNDARES

  • Número estándar o código: https://isni.org/isni/0000000061011345
  • Fuente: isni

040 ## - FUENTE DE CATALOGACIÓN

  • Centro catalogador/agencia de origen: SpMaBN
  • Lengua de catalogación: spa
  • Centro/agencia transcriptor: SpMaBN
  • Normas de descripción: rdc
  • Convención/Normas de encabezamiento de materia/tesauro: embne
  • Centro/agencia modificador: ES-MaACL

100 1# - ENCABEZAMIENTO-NOMBRE DE PERSONA

  • Nombre de persona: Ábalos, María Dolores,

375 ## - GÉNERO/SEXO

  • Género: Femenino

377 ## - IDIOMA ASOCIADO

  • Código del idioma: ger
  • Término de lengua/lenguaje: Alemán

400 1# - TRAZADO DE VÉASE--NOMBRE DE PERSONA

  • Nombre de persona: Ábalos Vázquez, María Dolores,

400 1# - TRAZADO DE VÉASE--NOMBRE DE PERSONA

  • Nombre de persona: Ávalos, María Dolores,

400 1# - TRAZADO DE VÉASE--NOMBRE DE PERSONA

  • Nombre de persona: Ávalos, Dolores,

670 ## - FUENTE DE DATOS ENCONTRADOS

  • Cita de la fuente: El tesoro del lago de la Plata, 2004;
  • Información encontrada: v. port. (trad. María Dolores Ábalos)

670 ## - FUENTE DE DATOS ENCONTRADOS

  • Cita de la fuente: El juego serio, 2013;
  • Información encontrada: port. (traducción de María Dolores Ábalos Vázquez)

670 ## - FUENTE DE DATOS ENCONTRADOS

  • Cita de la fuente: Gatos, 1982
  • Información encontrada: v. port. (traducción, Dolores Ávalos)

670 ## - FUENTE DE DATOS ENCONTRADOS

  • Cita de la fuente: El tesoro del lago de la plata, 1983;
  • Información encontrada: port. (traducción María Dolores Ávalos)

670 ## - FUENTE DE DATOS ENCONTRADOS

  • Cita de la fuente: Dic. de traductores, 1992;
  • Información encontrada: (Ábalos, María Dolores; traduce del alemán al castellano)

670 ## - FUENTE DE DATOS ENCONTRADOS

  • Cita de la fuente: WWW Bn España aut., 2-6-2023;
  • Información encontrada: (Abalos, María Dolores)

955 ## - CATALOGADOR - EDICIÓN

  • Nombre del catalogador: Julia Mas Vieira